Ansys (Record no. 233548)

000 -LEADER
fixed length control field nam a22 7a 4500
005 - DATE AND TIME OF LATEST TRANSACTION
control field 20170308163635.0
008 - FIXED-LENGTH DATA ELEMENTS--GENERAL INFORMATION
fixed length control field 170308b xxu||||| |||| 00| 0 eng d
040 ## - CATALOGING SOURCE
Transcribing agency .
100 ## - MAIN ENTRY--PERSONAL NAME
Personal name Canonsburg
245 ## - TITLE STATEMENT
Title Ansys
Statement of responsibility, etc. Canonsburg
260 ## - PUBLICATION, DISTRIBUTION, ETC.
Place of publication, distribution, etc. USA
Date of publication, distribution, etc. 2009.
300 ## - PHYSICAL DESCRIPTION
Extent 52 p. ;
942 ## - ADDED ENTRY ELEMENTS (KOHA)
Source of classification or shelving scheme
Koha item type Book
Holdings
Withdrawn status Lost status Source of classification or shelving scheme Damaged status Not for loan Permanent Location Current Location Shelving location Date acquired Barcode Date last seen Price effective from Koha item type
          School of Mechanical & Manufacturing Engineering (SMME) School of Mechanical & Manufacturing Engineering (SMME) Book Bank 03/08/2017 SMME-BB326 04/02/2018 03/08/2017 Book
© 2023 Central Library, National University of Sciences and Technology. All Rights Reserved.